| 000 | 00912nam a2200277 a 4500 | ||
|---|---|---|---|
| 001 | 000022974 | ||
| 005 | 20240513175427.0 | ||
| 008 | 101123s1982 mx a 001 0 spa d | ||
| 020 | _a9682603242 | ||
| 040 |
_aDO-SdBNP _bspa _cBNPHU |
||
| 082 |
_a530 _bH188f, 1982 |
||
| 100 | 1 |
_aHalliday, David, _d1916- _947244 |
|
| 245 | 1 | 0 |
_aFísica / _cDavid Halliday, Robert Resnick ; traducido por Raul Gómez González. |
| 250 | _a3a ed. | ||
| 260 |
_aMéxico : _bContinental, _c1982. |
||
| 300 |
_a646 p. : _bil. ; _c28 cm. |
||
| 500 | _aLa biblioteca posee la parte 2. | ||
| 500 | _aIncluye índice alfabético. | ||
| 504 | _aIncluye referencias bibliográficas y notas al pie de las páginas. | ||
| 534 |
_pTítulo original en inglés: _tPhysics part two |
||
| 650 | 0 |
_aFísica _925841 |
|
| 700 | 1 |
_aResnick, Robert _947245 |
|
| 700 | 1 |
_aGómez González, Raul, _etr. _947246 |
|
| 910 | _aWM | ||
| 049 | _aBNGR | ||
| 999 |
_c22471 _d22471 |
||